Normal view MARC view

Entry Personal Name

Number of records used in: 1

001 - CONTROL NUMBER

  • control field: 31051

003 - CONTROL NUMBER IDENTIFIER

  • control field: OSt

005 - DATE AND TIME OF LATEST TRANSACTION

  • control field: 20260624121637.0

008 - FIXED-LENGTH DATA ELEMENTS

  • fixed length control field: 260624|| aca||aabn | a|a d

040 ## - CATALOGING SOURCE

  • Original cataloging agency: OSt
  • Transcribing agency: OSt

100 ## - HEADING--PERSONAL NAME

  • Personal name: Berry Mary Alice

670 ## - SOURCE DATA FOUND

  • Source citation: Work cat.: (OSt)25147: Glover Matt 31049, Projecting Possibilities for Writers ;The How, What& Why of Designing units of Study, 2012

Powered by Koha